[Event "Beijing Sportaccord blitz"]
[Site "Beijing"]
[Date "2014.12.15"]
[Round "21"]
[White "Bacrot, Etienne"]
[Black "Grischuk, Alexander"]
[Result "0-1"]
[WhiteElo "2718"]
[BlackElo "2810"]
[PlyCount "99"]
[EventDate "2014.12.13"]
[EventType "tourn (blitz)"]
[EventRounds "30"]
[EventCountry "CHN"]
[EventCategory "20"]
[SourceTitle "CBM 163 Extra"]
[Source "ChessBase"]
[SourceDate "2014.12.23"]
[SourceVersion "1"]
[SourceVersionDate "2014.12.23"]
[SourceQuality "1"]

1. d4 Nf6 2. c4 e6 3. Nf3 b6 4. g3 Bb7 5. Bg2 Be7 6. O-O O-O 7. Nc3 Ne4 8. Bd2
Bf6 9. Ne5 Nxc3 10. Bxc3 Bxg2 11. Kxg2 d6 12. Nf3 c5 13. Rc1 Nd7 14. e4 cxd4
15. Nxd4 a6 16. Qe2 Qc7 17. Rfd1 Rac8 18. b3 Rfd8 19. Nf3 Be7 20. e5 dxe5 21.
Nxe5 Nxe5 22. Bxe5 Qb7+ 23. Qf3 Qxf3+ 24. Kxf3 f6 25. Rxd8+ Bxd8 26. Bd4 Kf7
27. a4 e5 28. Be3 Ke6 29. Rd1 f5 30. Ke2 Bc7 31. Rd5 h5 32. f4 Rd8 33. Rxd8
Bxd8 34. fxe5 Kxe5 35. Kd3 g5 36. Bd4+ Ke6 37. b4 Bc7 38. b5 axb5 39. axb5 f4
40. gxf4 Bxf4 41. Bxb6 Bxh2 42. Ke4 g4 43. c5 h4 44. c6 h3 45. Ba7 Bd6 46. Bg1
h2 47. Bxh2 Bxh2 48. b6 Kd6 49. c7 Kd7 50. Ke3 0-1

[Event "Bergen sim"]
[Site "Bergen"]
[Date "2001.02.10"]
[Round "1"]
[White "Shirov, Alexei"]
[Black "Gullaksen, Eirik Tvedt"]
[Result "0-1"]
[WhiteElo "2718"]
[BlackElo "2333"]
[PlyCount "76"]
[EventDate "2001.02.10"]
[EventType "simul"]
[EventRounds "1"]
[EventCountry "NOR"]
[SourceTitle "CBM 080 Extra"]
[Source "ChessBase"]
[SourceDate "2001.03.08"]
[SourceVersion "1"]
[SourceVersionDate "2001.03.08"]
[SourceQuality "1"]

1. e4 c5 2. Nf3 Nc6 3. d4 cxd4 4. Nxd4 Nf6 5. Nc3 e5 6. Ndb5 d6 7. Bg5 a6 8.
Na3 b5 9. Bxf6 gxf6 10. Nd5 Bg7 11. Bd3 Ne7 12. Nxe7 Qxe7 13. c4 f5 14. O-O O-O
15. Qf3 Qb7 16. cxb5 d5 17. exf5 e4 18. Qf4 Qe7 19. Be2 Bxb2 20. Nc2 Be5 21.
Qg4+ Kh8 22. Rad1 Rg8 23. Qh3 axb5 24. a3 Qc5 25. Nb4 Bb7 26. Rc1 Qb6 27. Qb3
d4 28. Qxf7 d3 29. Bh5 e3 30. Nd5 Bxh2+ 31. Kxh2 Qd6+ 32. g3 Bxd5 33. Qc7 Qxc7
34. Rxc7 e2 35. Rb1 Rxa3 36. f6 Rf8 37. Re7 Bc4 38. f7 Ra2 0-1

[Event "Bergen sim"]
[Site "Bergen"]
[Date "2001.02.10"]
[Round "1"]
[White "Shirov, Alexei"]
[Black "Hersvik, Daniel"]
[Result "0-1"]
[WhiteElo "2718"]
[BlackElo "2189"]
[PlyCount "72"]
[EventDate "2001.02.10"]
[EventType "simul"]
[EventRounds "1"]
[EventCountry "NOR"]
[SourceTitle "CBM 080 Extra"]
[Source "ChessBase"]
[SourceDate "2001.03.08"]
[SourceVersion "1"]
[SourceVersionDate "2001.03.08"]
[SourceQuality "1"]

1. e4 c5 2. Nf3 d6 3. d4 Nf6 4. Bb5+ Bd7 5. Bxd7+ Qxd7 6. dxc5 Nxe4 7. cxd6 e6
8. Qe2 Nxd6 9. O-O Qb5 10. Qe3 Nc6 11. Nc3 Qh5 12. Nd4 Nf5 13. Nxf5 Qxf5 14.
Qg3 Rd8 15. Qc7 Rd7 16. Qc8+ Nd8 17. Be3 Bd6 18. Rad1 Qa5 19. Ne4 Bxh2+ 20.
Kxh2 Rxd1 21. Rxd1 Qh5+ 22. Kg3 Qxd1 23. Bc5 f5 24. Nd6+ Ke7 25. Nxf5+ Kf6 26.
Ne3 Qh5 27. Bd4+ Kg6 28. f4 h6 29. Ng4 Kh7 30. Bxg7 Kxg7 31. Qc3+ e5 32. Nxe5
Rg8 33. Kf2 Qh4+ 34. g3 Qf6 35. Qc7+ Nf7 36. Qxb7 Qb6+ 0-1

[Event "Online Olym Top DivD 2021"]
[Site "chess.com INT"]
[Date "2021.09.10"]
[Round "7.5"]
[White "Adams, Mi"]
[Black "Van den Doel, E."]
[Result "0-1"]
[WhiteElo "2716"]
[BlackElo "2599"]
[PlyCount "90"]
[EventDate "2021.09.08"]
[EventType "team"]
[SourceVersionDate "2018.05.14"]
[WhiteTeam "England"]
[BlackTeam "Netherlands"]
[WhiteTeamCountry "ENG"]
[BlackTeamCountry "NED"]

1. e4 e5 2. Nf3 Nc6 3. Bb5 a6 4. Ba4 Nf6 5. O-O Be7 6. d3 d6 7. c3 O-O 8. Re1
b5 9. Bc2 Bb7 10. Nbd2 Nb8 11. a4 Nbd7 12. b4 c5 13. bxc5 dxc5 14. c4 b4 15. a5
Nh5 16. Nf1 g6 17. Ne3 Nf4 18. Nd5 Ne6 19. Ba4 f6 20. Nh4 Nd4 21. Bh6 Rf7 22.
Qg4 Nf8 23. f4 Bxd5 24. cxd5 exf4 25. Bxf4 g5 26. Nf3 h5 27. Qg3 Nxf3+ 28. gxf3
Ng6 29. Bc7 h4 30. Bxd8 hxg3 31. Bc7 gxh2+ 32. Bxh2 Nf4 33. Bxf4 gxf4 34. Kf2
Rg7 35. Rh1 c4 36. dxc4 b3 37. Bxb3 Rb8 38. Rab1 Bc5+ 39. Ke2 Rg2+ 40. Kd3 Bb4
41. Rbg1 Rg3 42. Ba2 Bc5 43. Rf1 Rb2 44. Bb1 Rgg2 45. Rd1 Rb3# 0-1

[Event "Wch Blitz 7th"]
[Site "Khanty-Mansiysk"]
[Date "2013.06.10"]
[Round "20"]
[White "Andreikin, Dmitry"]
[Black "Nguyen, Ngoc Truong Son"]
[Result "0-1"]
[WhiteElo "2713"]
[BlackElo "2625"]
[PlyCount "104"]
[EventDate "2013.06.09"]
[EventType "swiss (blitz)"]
[EventRounds "30"]
[EventCountry "RUS"]
[SourceTitle "CBM 154 Extra"]
[Source "ChessBase"]
[SourceDate "2013.06.25"]
[SourceVersion "2"]
[SourceVersionDate "2013.06.25"]
[SourceQuality "1"]

1. e4 e6 2. d4 d5 3. Nc3 Nc6 4. Be3 dxe4 5. Nxe4 Nf6 6. Nxf6+ Qxf6 7. Nf3 Bd6
8. Bd3 h6 9. c3 e5 10. d5 Ne7 11. c4 b6 12. Nd2 Bf5 13. Qa4+ Kf8 14. Ne4 Qg6
15. Qc2 Bxe4 16. Bxe4 f5 17. Bf3 Bb4+ 18. Kf1 Bd6 19. g4 Qf6 20. gxf5 Nxf5 21.
Qe4 g5 22. Ke2 Nd4+ 23. Bxd4 exd4 24. Bg4 Qe5 25. Qxe5 Bxe5 26. Kd3 Kg7 27.
Rae1 Bd6 28. Bh5 Rhf8 29. f3 Rf4 30. Re6 Rh4 31. Bg4 Rf8 32. Re4 h5 33. Be6
Rxf3+ 34. Kxd4 Bc5+ 35. Ke5 Bd6+ 36. Kd4 Rxh2 37. Rxh2 Bxh2 38. Re2 Bd6 39. a3
a5 40. Ke4 g4 41. b4 axb4 42. axb4 Rf4+ 43. Kd3 Bxb4 44. Re5 Kh6 45. Bd7 Bd6
46. Re6+ Kg5 47. Be8 h4 48. Rg6+ Kf5 49. Rg8 Rf3+ 50. Ke2 Rg3 51. Bg6+ Kf4 52.
Rf8+ Bxf8 0-1

[Event "Linares 16th"]
[Site "Linares"]
[Date "1999.03.02"]
[Round "8"]
[White "Svidler, Peter"]
[Black "Kasparov, Garry"]
[Result "0-1"]
[WhiteElo "2713"]
[BlackElo "2812"]
[Annotator "Ftacnik,L"]
[PlyCount "84"]
[EventDate "1999.02.21"]
[EventType "tourn"]
[EventRounds "14"]
[EventCountry "ESP"]
[EventCategory "20"]
[SourceTitle "CBM 070"]
[Source "ChessBase"]
[SourceDate "1999.06.08"]
[SourceVersion "1"]
[SourceVersionDate "1999.06.08"]
[SourceQuality "1"]

1. e4 c5 2. Nf3 d6 3. d4 cxd4 4. Qxd4 Nc6 5. Bb5 Bd7 6. Bxc6 Bxc6 7. Nc3 Nf6 8.
Bg5 e6 9. O-O-O Be7 10. Rhe1 O-O 11. Kb1 h6 12. Bh4 (12. Bc1 Qc7 13. Qd3 Rfc8
14. Nd4 b5 15. Ndxb5 Bxb5 16. Nxb5 Qb7 17. f3 d5 18. e5 Nd7 19. Nd4 Nc5 20. Qb5
{1-0 Titova Boric,E-Gocheva,R/Cetinje 1991/ (104)}) (12. Bxf6 Bxf6 13. Qxd6
Bxc3 14. bxc3 Qb6+ 15. Qb4 Qxf2 16. Qd4 Qxd4 17. cxd4 f5 18. exf5 Bxf3 19. gxf3
Rxf5 20. Rxe6 Rxf3 21. Re7 Rf7 22. Rde1 {1-0 Stoian,V-Huberty,M/Duisburg/1992/
(44)}) 12... Re8 (12... Qc7 13. Qd2 (13. g4 Nxg4 14. Rg1 f5 15. Qc4 Bxh4 16.
Nxh4 Kh7 17. Qxe6 Rf6 18. Qc4 Ne5 19. Qe2 f4 20. f3 g6 {1/2-1/2 Pichler,
M-Mescheder,W/DDR-Cup4 corr7677 1976/ (29)}) 13... Rfd8 14. Nd4 Rab8 15. f3
Nxe4 16. Rxe4 Bxe4 17. Bxe7 Bxc2+ 18. Qxc2 Qxe7 19. f4 d5 20. g4 Rbc8 21. Qf2
Rc4 22. h4 Rdc8 23. g5 h5 {1/2-1/2 Tringov,G-Groszpeter,A/Plovdiv/1982/ (34)})
13. Bg3 d5 $5 {Kasparov solves the problem of the d6 pawn with a small
sacrifice. As a compensation he will play with bishop's pair.} 14. e5 (14. exd5
Nxd5 15. Be5 Nf6 $11) 14... Ne4 15. Nxe4 dxe4 16. Qxd8 (16. Qe3 Qb6 17. Nd4
Red8 $13) 16... Rexd8 17. Nd4 Be8 (17... Bd5 18. Nb5 (18. b3 Bc5 $1) 18... h5
19. Bf4 $13) 18. c3 (18. Rxe4 Bc6 19. Re2 Bxg2 $15) 18... Rac8 19. Kc2 (19.
Rxe4 Bc6 20. Re2 Bxg2 $15) 19... b5 20. Rxe4 b4 21. Re3 (21. Rd3 f5 22. exf6
Bxf6 23. Kd2 Bg6 24. Rxe6 Bxd3 25. Kxd3 $11) 21... a5 22. Ne2 $2 {Svidler's
ambition to exchange the pieces is quite understandable, but this unfortunate
move will open space for black's bishops.} (22. Red3 $1 $13) 22... Bc6 $1 23.
f3 Rxd1 24. Kxd1 Bc5 25. Rd3 (25. Nd4 bxc3 26. bxc3 Bd5 27. Re2 Bxd4 28. cxd4
Rc4 29. Bf2 Ra4 $15) 25... Bb5 26. Rd2 Be3 27. Rd6 (27. Rc2 $2 Bd3 $19) 27...
bxc3 28. Nxc3 (28. bxc3 Bc4 $15) 28... Bf1 29. Bh4 (29. h4 Kf8 $15) 29... g5
30. Be1 (30. Bg3 Kg7 $15) 30... Bxg2 31. Ke2 Bf4 32. Bg3 Bc1 33. Na4 (33. Nd1
h5 $17) (33. Rb6 h5 $17) 33... h5 $1 {Black has all the advantage he could
have been dreaming about. Two bishops, pawn assymetry and lot's of potential
objects of an attack (e5,h2).} 34. Rd1 (34. Be1 Bf4 35. Bg3 Rc2+ 36. Kd3 Rd2+
37. Kc3 Re2 $17) (34. h4 gxh4 35. Bxh4 Rc4 36. Bf6 Rxa4 37. Rd8+ Kh7 38. Rh8+
Kg6 39. Rg8+ Kf5 40. Rxg2 Rxa2 $19) 34... h4 35. Be1 Bf4 36. Bc3 (36. Bxa5 Bxe5
37. Bd2 Ra8 $1 38. b3 f6 39. Bb4 Bxh2 $17) 36... Kg7 37. Nb6 Rh8 38. Kf2 (38.
Bxa5 Bxh2 39. Nc4 h3 40. Ne3 Bxe5 $17) 38... h3 39. Bd2 Bxh2 {The h pawn will
decide the game.} 40. Nd7 (40. Bxg5 Bxe5 41. Nc4 Bc7 $19) 40... Kg6 41. Be3 g4
$1 42. fxg4 (42. f4 g3+ 43. Ke2 Kf5 $19) 42... Bc6 (42... Bc6 43. Nc5 (43. b3
Rd8 $19) 43... Bxe5 44. Nd3 f6 45. Bf4 Bxf4 46. Nxf4+ Kf7 $19) 0-1

[Event "China Elite Mind blitz"]
[Site "Huaian"]
[Date "2016.02.29"]
[Round "13"]
[White "Ivanchuk, Vassily"]
[Black "Navara, David"]
[Result "0-1"]
[WhiteElo "2710"]
[BlackElo "2734"]
[PlyCount "129"]
[EventDate "2016.02.28"]
[EventType "tourn (blitz)"]
[EventRounds "30"]
[EventCountry "CHN"]
[EventCategory "19"]
[SourceTitle "CBM 171 Extra"]
[Source "ChessBase"]
[SourceDate "2016.04.26"]
[SourceVersion "1"]
[SourceVersionDate "2016.04.26"]
[SourceQuality "1"]

1. d4 d5 2. c4 c6 3. Nf3 Nf6 4. Qc2 dxc4 5. Qxc4 Bg4 6. Nbd2 Nbd7 7. g3 e6 8.
Bg2 Be7 9. O-O O-O 10. b3 Bf5 11. Bb2 h6 12. Rad1 Ne4 13. Qc1 Qa5 14. a3 Qb5
15. Rfe1 Rac8 16. Qc4 Qxc4 17. Nxc4 Nb6 18. Na5 Rc7 19. Ne5 Nd6 20. e4 Bh7 21.
Nd3 Nd7 22. Rc1 Rfc8 23. f3 b6 24. Nc4 c5 25. Nxd6 Bxd6 26. a4 cxd4 27. Bxd4 e5
28. Bb2 Nc5 29. Nxc5 Bxc5+ 30. Kf1 Bb4 31. Rxc7 Rxc7 32. Rc1 Rxc1+ 33. Bxc1 f5
34. Ke2 Kf7 35. Kd3 fxe4+ 36. fxe4 Ke7 37. Bh3 Bg8 38. Kc2 Bc5 39. Bd2 Bg1 40.
Bb4+ Kf6 41. Bd7 Bxh2 42. g4 Be6 43. Bxe6 Kxe6 44. Kd3 Kf6 45. Ke2 Bg1 46. Bd6
Bc5 47. Bb8 a6 48. Ba7 a5 49. Bb8 Ke6 50. Bc7 Bd4 51. Kf3 Kd7 52. Bb8 g6 53.
Ke2 Ke6 54. Bc7 Kd7 55. Bb8 h5 56. gxh5 gxh5 57. Kf3 Kc6 58. Kg3 Kc5 59. Kh4
Kb4 60. Kxh5 Kxb3 61. Kg6 Kxa4 62. Kf5 Kb3 63. Bxe5 Bxe5 64. Kxe5 a4 65. Kd4
0-1

[Event "Wch Blitz 5th"]
[Site "Moscow"]
[Date "2010.11.17"]
[Round "21"]
[White "Caruana, Fabiano"]
[Black "Savchenko, Boris"]
[Result "0-1"]
[WhiteElo "2709"]
[BlackElo "2632"]
[PlyCount "78"]
[EventDate "2010.11.16"]
[EventType "tourn (blitz)"]
[EventRounds "38"]
[EventCountry "RUS"]
[EventCategory "20"]
[SourceTitle "EXT 2011"]
[Source "ChessBase"]
[SourceDate "2010.11.26"]
[SourceVersion "1"]
[SourceVersionDate "2010.11.26"]
[SourceQuality "1"]

1. d4 Nf6 2. c4 e6 3. Nc3 d5 4. cxd5 exd5 5. Bg5 Nbd7 6. e3 c6 7. Bd3 Bd6 8.
Nge2 Nf8 9. Qc2 Ne6 10. Bh4 h5 11. Bf5 Bd7 12. f3 Qc7 13. O-O-O O-O-O 14. Kb1
Kb8 15. e4 dxe4 16. fxe4 g5 17. Bxe6 gxh4 18. Bxf7 Bxh2 19. e5 Ng4 20. Rc1 Ne3
21. Qb3 Bf5+ 22. Ka1 Bg3 23. Nb5 Nc2+ 24. Qxc2 Qxf7 25. Rhf1 Rhf8 26. Nd6 Rxd6
27. Rxf5 Qxf5 28. Qxf5 Rxf5 29. Nxg3 hxg3 30. exd6 Kc8 31. Rh1 h4 32. a3 Rf4
33. d5 cxd5 34. Rd1 d4 35. Re1 Kd7 36. Re7+ Kxd6 37. Rh7 d3 38. Rh8 Rd4 39. Kb1
d2 0-1

[Event "Paris GCT Rapid"]
[Site "Paris"]
[Date "2017.06.23"]
[Round "8"]
[White "Bacrot, Etienne"]
[Black "Grischuk, Alexander"]
[Result "0-1"]
[WhiteElo "2708"]
[BlackElo "2761"]
[PlyCount "96"]
[EventDate "2017.06.21"]
[EventType "tourn (rapid)"]
[EventRounds "9"]
[EventCountry "FRA"]
[EventCategory "22"]
[SourceTitle "CBM 179"]
[Source "ChessBase"]
[SourceDate "2017.07.12"]
[SourceVersion "1"]
[SourceVersionDate "2017.07.12"]
[SourceQuality "1"]
[TimeControl "1500"]

1. e4 {[%emt 0:00:00]} c5 {[%emt 0:00:00]} 2. Nf3 {[%emt 0:00:00]} Nc6 {
[%emt 0:00:00]} 3. Bb5 {[%emt 0:00:00]} g6 {[%emt 0:00:24]} 4. O-O {[%emt 0:00:
02]} Bg7 {[%emt 0:00:00]} 5. Re1 {[%emt 0:00:00]} e5 {[%emt 0:00:14]} 6. b4 {
[%emt 0:02:15]} cxb4 {[%emt 0:06:03]} 7. a3 {[%emt 0:00:00]} b3 {[%emt 0:01:16]
} 8. cxb3 {[%emt 0:05:40]} Nge7 {[%emt 0:00:00]} 9. Bb2 {[%emt 0:01:30]} O-O {
[%emt 0:00:00]} 10. b4 {[%emt 0:01:31]} a6 {[%emt 0:03:09]} 11. Ba4 {[%emt 0:
00:58]} d5 {[%emt 0:06:34]} 12. exd5 {[%emt 0:00:00]} Qxd5 {[%emt 0:00:00]} 13.
Nc3 {[%emt 0:00:00]} Qd3 {[%emt 0:00:42]} 14. Ne4 {[%emt 0:01:25]} b6 {[%emt 0:
00:00]} 15. Rc1 {[%emt 0:05:24]} Bb7 {[%emt 0:00:00]} 16. Qe2 {[%emt 0:00:00]}
Qd5 {[%emt 0:01:51]} 17. Qe3 {[%emt 0:01:18]} Qd8 {[%emt 0:00:47]} 18. Qg5 {
[%emt 0:01:01]} f6 {[%emt 0:00:41]} 19. Qe3 {[%emt 0:00:20]} Kh8 {[%emt 0:00:
00]} 20. Qe2 {[%emt 0:01:15]} Rc8 {[%emt 0:00:07]} 21. Bb3 {[%emt 0:00:00]} Nd5
{[%emt 0:01:17]} 22. d4 {[%emt 0:00:19]} Nxd4 {[%emt 0:00:28]} 23. Nxd4 {
[%emt 0:00:06]} Rxc1 {[%emt 0:00:00]} 24. Rxc1 {[%emt 0:00:30]} exd4 {[%emt 0:
00:00]} 25. Qd2 {[%emt 0:00:31]} Re8 {[%emt 0:00:40]} 26. Qxd4 {[%emt 0:00:35]}
Nf4 {[%emt 0:00:08]} 27. Qxd8 {[%emt 0:00:00]} Rxd8 {[%emt 0:00:00]} 28. Ng3 {
[%emt 0:00:06]} h5 {[%emt 0:00:16]} 29. Rc7 {[%emt 0:00:00]} Bxg2 {[%emt 0:00:
01]} 30. Bc1 {[%emt 0:00:00]} Bd5 {[%emt 0:00:03]} 31. Bxd5 {[%emt 0:00:02]}
Nxd5 {[%emt 0:00:00]} 32. Rc6 {[%emt 0:00:00]} Kh7 {[%emt 0:00:05]} 33. Ne4 {
[%emt 0:00:00]} Ne7 {[%emt 0:00:01]} 34. Rc7 {[%emt 0:00:00]} Rd1+ {[%emt 0:00:
00]} 35. Kg2 {[%emt 0:00:00]} Nd5 {[%emt 0:00:00]} 36. Rc6 {[%emt 0:00:00]} g5
{[%emt 0:00:00]} 37. Bd2 {[%emt 0:00:00]} g4 {[%emt 0:00:00]} 38. Rd6 {[%emt 0:
00:00]} Ne7 {[%emt 0:00:00]} 39. Rd7 {[%emt 0:00:00]} Nf5 {[%emt 0:00:00]} 40.
Nxf6+ {[%emt 0:00:00]} Kg6 {[%emt 0:00:00]} 41. Ne4 {[%emt 0:00:00]} Be5 {
[%emt 0:00:00]} 42. f4 {[%emt 0:00:00]} Bxf4 {[%emt 0:00:00]} 43. Rd3 {[%emt 0:
00:01]} Nh4+ {[%emt 0:00:00]} 44. Kf2 {[%emt 0:00:00]} Bxh2 {[%emt 0:00:00]}
45. Ke2 {[%emt 0:00:00]} Ra1 {[%emt 0:00:00]} 46. Rc3 {[%emt 0:00:00]} Nf3 {
[%emt 0:00:00]} 47. Be3 {[%emt 0:00:00]} Kf5 {[%emt 0:00:00]} 48. Nd6+ {
[%emt 0:00:00]} Bxd6 {[%emt 0:00:00]} 0-1